000 00536nam a22001697a 4500
003 OSt
005 20221012200233.0
008 221012b |||||||| |||| 00| 0 eng d
020 _a90-70149-42-7
040 _cBiblioteca Lado V
082 _a700.74
_bD286b
100 _9164
_aDebbaut,Jan
_ecurador
245 _aBiennale di Venezia 1993/
_bPadiglione di Fiandra e Olanda Texts/Testi/
260 _aItalia
_bMinistry of the Flemish Community
_c1993
300 _a60p.
_c23x28cm
942 _2ddc
_c1
_h700.74
_iD286b
_n0
999 _c2287
_d2287